| 000 | 00675cam a2200217 a 4500 | ||
|---|---|---|---|
| 999 |
_c58275 _d58275 |
||
| 001 | 15291693 | ||
| 005 | 20211020122850.0 | ||
| 008 | 080507s2007 xxua 000 0 eng | ||
| 020 | _a9781599700007 | ||
| 041 | _aeng | ||
| 080 | _a299.93 H-88 | ||
| 100 | 1 |
_aHubbard, L. Ron _q _d _912506 |
|
| 245 | 1 | 4 |
_aThe way to happiness / _c[L. Ron Hubbard]. |
| 264 |
_a[United States?] : _bWay to Happiness Foundation, _c2007. |
||
| 300 |
_a248 p. : _bill. ; _c25 cm. |
||
| 653 | _aThe way to happiness | ||
| 653 | _aგზა ბედნიერებისკენ | ||
| 653 | _aConduct of life | ||
| 653 | _aცხოვრების ქცევა | ||
| 942 |
_2udc _cBK |
||